Online katalóg knižníc regiónu Turca

Ostrým perom (Record no. 21159)

MARC details
000 -LEADER
fixed length control field 01347nam a2200385 a 4500
001 - CONTROL NUMBER
control field 21159
003 - CONTROL NUMBER IDENTIFIER
control field VRT
005 - DATE AND TIME OF LATEST TRANSACTION
control field 20260221110908.0
008 - FIXED-LENGTH DATA ELEMENTS--GENERAL INFORMATION
fixed length control field 251029s1952 xo slo
015 ## - NATIONAL BIBLIOGRAPHY NUMBER
National bibliography number SKSNBA19451955-004735
035 ## - SYSTEM CONTROL NUMBER
System control number SK01SNKBKSFS20010069019
035 ## - SYSTEM CONTROL NUMBER
System control number SKM000071482
039 #9 - LEVEL OF BIBLIOGRAPHIC CONTROL AND CODING DETAIL [OBSOLETE]
Level of rules in bibliographic description 202510291225
Level of effort used to assign nonsubject heading access points VLOAD
Level of effort used to assign subject headings 202109291408
Level of effort used to assign classification msnk115
Level of effort used to assign subject headings 201907041103
Level of effort used to assign classification AUTHORITY
Level of effort used to assign subject headings 201907041023
Level of effort used to assign classification AUTHORITY
040 ## - CATALOGING SOURCE
Original cataloging agency SNK
Language of cataloging slo
Transcribing agency SNK
Description conventions AACR2
041 0# - LANGUAGE CODE
Language code of text/sound track or separate title slo
044 ## - COUNTRY OF PUBLISHING/PRODUCING ENTITY CODE
MARC country code xo
ISO country code SK
080 ## - UNIVERSAL DECIMAL CLASSIFICATION NUMBER
Universal Decimal Classification number 885.4
Edition identifier 1981
100 1# - MAIN ENTRY--PERSONAL NAME
Personal name Jesenský, Janko,
Dates associated with a name 1874-1945
Relationship aut
245 10 - TITLE STATEMENT
Title Ostrým perom
Statement of responsibility, etc. Janko Jesenský ; (uspor. H. Strýčková)
260 ## - PUBLICATION, DISTRIBUTION, ETC.
Place of publication, distribution, etc. Bratislava
Name of publisher, distributor, etc. Smena
Date of publication, distribution, etc. 1952
Place of manufacture Martin
Manufacturer Stredoslovenské tlač.
300 ## - PHYSICAL DESCRIPTION
Extent 52, [4] s.
Dimensions
490 0# - SERIES STATEMENT
Series statement Národná poézia
Volume/sequential designation sv. 5
563 ## - BINDING INFORMATION
Binding note 7.500 výtlač.
655 #7 - INDEX TERM--GENRE/FORM
Genre/form data or focus term umelecká literatúra
Source of term SNKPH
655 #7 - INDEX TERM--GENRE/FORM
Genre/form data or focus term slovenská poézia
Source of term SNKPH
700 1# - ADDED ENTRY--PERSONAL NAME
Personal name Strýčková, Hana
Relationship com
830 #0 - SERIES ADDED ENTRY--UNIFORM TITLE
Uniform title Národná poézia
942 ## - ADDED ENTRY ELEMENTS (KOHA)
Source of classification or shelving scheme Dewey Decimal Classification
Koha item type Krásna literatúra pre dospelých
Suppress in OPAC No
949 ## - LOCAL PROCESSING INFORMATION (OCLC)
6 273K0220467
a svkpoA 56753
b svkpo131552
949 ## - LOCAL PROCESSING INFORMATION (OCLC)
6 273K0220466
a svkpoA 56753a
b svkpo138099
949 ## - LOCAL PROCESSING INFORMATION (OCLC)
6 17A7633236
a snkSD 8191/5 D1
b snkD 2014/60
949 ## - LOCAL PROCESSING INFORMATION (OCLC)
6 17A7633235
a snkSD 8191/5 D2
b snkF 1384/75
949 ## - LOCAL PROCESSING INFORMATION (OCLC)
6 17A7633234
a snkSD 8191/5 D3
b snkD 400/60
Holdings
Stav vyradenia Strata Poškodenie Spôsob nadobudnutia Domovská knižnica Aktuálna knižnica Dátum nadobudnutia Total checkouts Čiarový kód exemplára Date last seen Typ exemplára
      Dar Obecná knižnica Horná Štubňa Obecná knižnica Horná Štubňa 21.02.2026   4736201382 21.02.2026 Krásna literatúra pre dospelých
Projekt je podporený Slovenskou asociáciou knižníc
Prevádzkuje Turčianska knižnica Martin 2026